00998 a2200181 45000010006000000050017000060080041000230030015000640400040000790800098001192450053002170200018002702640047002883000019003355050424003541000020007787000018007985460920260407155820.0260407a1981 arg spa dAR-UNSa-BCEJYS aAR-UNSa-BCEJYSbspacAR-UNSa-BCEJYS a316.334.3xSociología de subsistemas e instituciones políticas. Sociología política 10aMarx y el problema de la decadencia ideológica a968-23-1091-1 1aMéxico :bSiglo Veintiuno editoresc1981 a193 p.c21 cm. a1. Georg Lukacs en los treinta: Punto focal de la estética marxista,por Juan Flores - 2. Marx y el problema de la decadencia ideológica - 3. Thomas Mann - 4. Prefacio para la discusión sobre naturalismo y formalismo - 5. ¿Narrar o describir? - 6. La fisonomía intelectual de los personajes literarios - 7. Apéndice: Referencias críticas de Bertolt Brecht al concepto lukacsiano de "decadencia ideológica"1 aLukács, Georg1 aBlanco, Felix